[Event "Torredembarra op 23rd"]
[Site "Torredembarra"]
[Date "2023.07.04"]
[Round "4"]
[White "Castillo Dalmau, Albert"]
[Black "Palomo Teruel, Xavier"]
[Result "1-0"]
[WhiteElo "2326"]
[BlackElo "2096"]
[PlyCount "163"]
[EventDate "2023.07.01"]
[EventType "swiss"]
[EventRounds "9"]
[EventCountry "ESP"]
[SourceTitle "CBM 215 Extra"]
[Source "ChessBase"]
[SourceDate "2023.09.30"]
[SourceVersion "1"]
[SourceVersionDate "2023.09.30"]
[SourceQuality "1"]

1. Nf3 d5 2. e3 Nf6 3. c4 c6 4. Nc3 e6 5. b3 Bd6 6. Bb2 0-0 7. Qc2 e5 8. cxd5 cxd5 9. Nb5 Nc6 10. Nxd6 Qxd6 11. d4 Ne4 12. a3 exd4 13. Nxd4 Nxd4 14. Bxd4 Bf5 15. Bd3 Rfc8 16. Qd1 Qg6 17. 0-0 Bh3 18. Qf3 Bg4 19. Qf4 Bh3 20. Qf3 Bg4 21. Qf4 Bh3 22. Bxe4 dxe4 23. Qg3 Qxg3 24. fxg3 Be6 25. b4 a6 26. Rf4 Rc2 27. Rxe4 Bd5 28. Rg4 Rxg2+ 29. Kf1 Rxh2 30. Rxg7+ Kf8 31. Rg5 Rh1+ 32. Ke2 Rxa1 33. Bxa1 Be6 34. Bd4 Rc8 35. Bc5+ Ke8 36. Kf3 Rc6 37. Kf4 Bc4 38. Rh5 Bd3 39. g4 Re6 40. Rd5 Be4 41. Rd4 Bc2 42. e4 Bb3 43. Rd3 Bc2 44. Rd4 Bb3 45. Bd6 Ba4 46. e5 f6 47. exf6 Rxf6+ 48. Ke5 Rg6 49. Rf4 Kd7 50. Rf7+ Kc6 51. Rc7+ Kb6 52. Rxh7 Rxg4 53. Bc5+ Kc6 54. Rh6+ Kc7 55. Bb6+ Kd7 56. Rd6+ Ke7 57. Bc5 Kf7 58. Rf6+ Kg7 59. Bf8+ Kh7 60. Bc5 Bc6 61. Rxc6 bxc6 62. Kd6 Rg6+ 63. Kc7 Kg8 64. Kb6 Kf7 65. Kxa6 Ke6 66. Kb7 Kd5 67. a4 Kc4 68. Kb6 Kd5 69. a5 Rg7 70. a6 Rh7 71. a7 Rh8 72. Kb7 Rh7+ 73. Ka6 Rh8 74. Kb7 Rh7+ 75. Kc8 Rh8+ 76. Kd7 Ra8 77. Kc7 Rh8 78. Be7 Kc4 79. Kb7 Kb5 80. a8Q Rxa8 81. Kxa8 Ka6 82. Bc5 1-0

[Event "Barcelona Tres Peons IM"]
[Site "Barcelona"]
[Date "2021.10.18"]
[Round "5"]
[White "Castillo Dalmau, Albert"]
[Black "Benedetti, Julio"]
[Result "1/2-1/2"]
[WhiteElo "2203"]
[BlackElo "2203"]
[PlyCount "51"]
[EventDate "2021.09.20"]
[EventType "tourn"]
[EventRounds "9"]
[EventCountry "ESP"]
[EventCategory "2"]
[SourceTitle "EXT 2023"]
[Source "ChessBase"]
[SourceDate "2022.10.05"]
[SourceVersion "1"]
[SourceVersionDate "2022.10.05"]
[SourceQuality "1"]

1. Nf3 Nf6 2. g3 g6 3. b3 Bg7 4. Bb2 0-0 5. Bg2 c5 6. c4 Nc6 7. 0-0 d5 8. cxd5 Nb4 9. Nc3 Nfxd5 10. Na4 Bxb2 11. Nxb2 Bg4 12. Ne5 Be6 13. a3 Na6 14. Rc1 f6 15. Nf3 Bf7 16. d4 cxd4 17. Nxd4 Qd7 18. b4 Rac8 19. Qd3 Rfd8 20. Nb3 Rxc1 21. Rxc1 Nb8 22. Nc5 Qc8 23. Nb3 Qd7 24. Nc5 Qc8 25. Nb3 Qd7 26. Nc5 1/2-1/2

[Event "Barcelona Tres Peons IM"]
[Site "Barcelona"]
[Date "2021.09.27"]
[Round "2"]
[White "Panelo Munoz, Marcelo A"]
[Black "Castillo Dalmau, Albert"]
[Result "1/2-1/2"]
[WhiteElo "2400"]
[BlackElo "2203"]
[PlyCount "73"]
[EventDate "2021.09.20"]
[EventType "tourn"]
[EventRounds "9"]
[EventCountry "ESP"]
[EventCategory "2"]
[SourceTitle "EXT 2023"]
[Source "ChessBase"]
[SourceDate "2022.10.05"]
[SourceVersion "1"]
[SourceVersionDate "2022.10.05"]
[SourceQuality "1"]

1. d4 g6 2. e4 Bg7 3. Nc3 c6 4. g3 d5 5. e5 f6 6. f4 Nh6 7. Bg2 0-0 8. Nge2 Bg4 9. h3 Bxe2 10. Nxe2 e6 11. 0-0 Nd7 12. Be3 Nf5 13. Bf2 fxe5 14. dxe5 g5 15. g4 Nh6 16. Nd4 Qe7 17. fxg5 Nf7 18. h4 Ndxe5 19. c3 Rae8 20. Qe2 Nd6 21. Bg3 Nd7 22. Rae1 Rxf1+ 23. Rxf1 Nf8 24. Re1 Qd7 25. Qf2 Ng6 26. h5 Nf8 27. Rf1 Nf7 28. Qd2 a6 29. Nf3 e5 30. Bh3 Nd6 31. Nh4 Ne4 32. Qe3 Qe7 33. Rf5 Nd6 34. Rf1 Ne4 35. Rf5 Nd6 36. Rf1 Ne4 37. Rf5 1/2-1/2

[Event "Barcelona Tres Peons IM"]
[Site "Barcelona"]
[Date "2021.09.20"]
[Round "1"]
[White "Munoz Pantoja, Miguel Angel"]
[Black "Castillo Dalmau, Albert"]
[Result "1/2-1/2"]
[WhiteElo "2454"]
[BlackElo "2203"]
[PlyCount "72"]
[EventDate "2021.09.20"]
[EventType "tourn"]
[EventRounds "9"]
[EventCountry "ESP"]
[EventCategory "2"]
[SourceTitle "EXT 2023"]
[Source "ChessBase"]
[SourceDate "2022.10.05"]
[SourceVersion "1"]
[SourceVersionDate "2022.10.05"]
[SourceQuality "1"]

1. e4 c6 2. Nc3 d5 3. Nf3 dxe4 4. Nxe4 Nf6 5. Qe2 Nxe4 6. Qxe4 Qa5 7. Bc4 Bf5 8. Qe2 e6 9. 0-0 Be7 10. Nd4 Nd7 11. Re1 0-0 12. d3 Bf6 13. Bd2 Qc7 14. Nxf5 exf5 15. c3 g6 16. g3 Nb6 17. Bb3 Qd7 18. Qf3 h5 19. Re2 Rfe8 20. Rae1 Rxe2 21. Qxe2 Nd5 22. d4 Kg7 23. Qf3 Rb8 24. h4 Kg8 25. Bg5 Kg7 26. c4 Bxg5 27. hxg5 Ne7 28. d5 cxd5 29. cxd5 Kg8 30. Qf4 Re8 31. Rc1 Nxd5 32. Qc4 Nb6 33. Qc7 Rd8 34. Qxd7 Rxd7 35. f3 Re7 36. Kf2 Kf8 1/2-1/2

[Event "Catalunya-ch U18/20"]
[Site "Salou"]
[Date "2021.03.31"]
[Round "7"]
[White "Castillo Dalmau, Albert"]
[Black "Martin Barcelo, Carles"]
[Result "0-1"]
[WhiteElo "2206"]
[BlackElo "2258"]
[PlyCount "84"]
[EventDate "2021.03.27"]
[EventType "swiss"]
[EventRounds "9"]
[EventCountry "ESP"]
[SourceTitle "CBM 202 Extra"]
[Source "ChessBase"]
[SourceDate "2021.07.31"]
[SourceVersion "1"]
[SourceVersionDate "2021.07.31"]
[SourceQuality "1"]

1. Nf3 Nf6 2. g3 g6 3. b3 Bg7 4. Bb2 0-0 5. Bg2 d6 6. d4 b5 7. 0-0 Bb7 8. c4 bxc4 9. bxc4 Nbd7 10. Nbd2 Rb8 11. Qc2 Re8 12. Rab1 e5 13. dxe5 Nxe5 14. Nxe5 dxe5 15. Bc3 Bxg2 16. Rxb8 Qxb8 17. Kxg2 Qa8+ 18. Kg1 Qc6 19. Rb1 h5 20. Rb5 e4 21. e3 h4 22. Qb1 Kh7 23. Rb8 Rxb8 24. Qxb8 Qd7 25. Qb2 Nh5 26. Bxg7 Nxg7 27. Nxe4 Qd1+ 28. Kg2 h3+ 29. Kxh3 Qf1+ 30. Kg4 f5+ 31. Kg5 fxe4 32. Qf6 Qxc4 33. Qxg6+ Kg8 34. a3 Qd5+ 35. Kf4 c5 36. h4 c4 37. Qxe4 Qf7+ 38. Kg4 c3 39. Qa8+ Kh7 40. f4 c2 41. Qh1 Qf5+ 42. Kf3 Qd5+ 0-1

[Event "Catalunya-ch U18/20"]
[Site "Salou"]
[Date "2021.03.30"]
[Round "6"]
[White "Castillo Dalmau, Albert"]
[Black "Masague Artero, Guerau"]
[Result "0-1"]
[WhiteElo "2206"]
[BlackElo "2273"]
[PlyCount "108"]
[EventDate "2021.03.27"]
[EventType "swiss"]
[EventRounds "9"]
[EventCountry "ESP"]
[SourceTitle "CBM 202 Extra"]
[Source "ChessBase"]
[SourceDate "2021.07.31"]
[SourceVersion "1"]
[SourceVersionDate "2021.07.31"]
[SourceQuality "1"]

1. Nf3 d5 2. d4 Nf6 3. e3 e6 4. b3 Bd6 5. Bb2 0-0 6. Bd3 b6 7. 0-0 Bb7 8. c4 Nbd7 9. cxd5 exd5 10. Nc3 a6 11. Rc1 Ne4 12. Qc2 Qe7 13. Rfd1 f5 14. Ne2 Rac8 15. Qb1 Rce8 16. Rf1 Ndf6 17. h3 Nh5 18. Qc2 f4 19. exf4 Bxf4 20. Rce1 Bh6 21. Ne5 Qh4 22. Ng4 Bf4 23. Nxf4 Nxf4 24. Bxe4 dxe4 25. Re3 Nxg2 26. Kxg2 Rf3 27. Qc4+ Kh8 28. Rxf3 exf3+ 29. Kh2 h5 30. Qxc7 hxg4 31. Qg3 Qxg3+ 32. Kxg3 Re2 33. Ba3 gxh3 34. Bd6 Rxa2 35. Kxh3 Kh7 36. Kg3 Rb2 37. b4 Bd5 38. Rc1 Kg6 39. Rc7 Kf6 40. Ra7 Rb1 41. Be5+ Kf5 42. Bxg7 Rg1+ 43. Kh3 Rg2 44. Be5 Rxf2 45. Rxa6 b5 46. Rf6+ Ke4 47. Kg4 Rg2+ 48. Kh3 Ke3 49. Bg3 f2 50. Rf5 Be4 51. Bxf2+ Rxf2 52. Rxb5 Kf4 53. Rb8 Bf5+ 54. Kh4 Rh2# 0-1

[Event "Catalunya-ch U10/20"]
[Site "Salou"]
[Date "2020.09.06"]
[Round "3"]
[White "Castillo Dalmau, Albert"]
[Black "Alvarez Albiol, Victor"]
[Result "0-1"]
[WhiteElo "2204"]
[BlackElo "2123"]
[PlyCount "110"]
[EventDate "2020.09.05"]
[EventType "swiss"]
[EventRounds "8"]
[EventCountry "ESP"]
[SourceTitle "EXT 2023"]
[Source "ChessBase"]
[SourceDate "2022.10.05"]
[SourceVersion "1"]
[SourceVersionDate "2022.10.05"]
[SourceQuality "1"]

1. Nf3 Nf6 2. g3 g6 3. Bg2 Bg7 4. 0-0 0-0 5. d4 d6 6. a4 a5 7. c3 c6 8. Re1 Nbd7 9. Na3 Qc7 10. e4 e5 11. dxe5 dxe5 12. Nc4 Nc5 13. Qc2 Re8 14. Be3 Be6 15. Nfxe5 Nfxe4 16. Bf4 g5 17. Bxe4 Nxe4 18. Qxe4 gxf4 19. Nd3 Bd5 20. Qxe8+ Rxe8 21. Rxe8+ Bf8 22. Nce5 f6 23. c4 Be4 24. Nxf4 Bf5 25. Ned3 Qf7 26. Rae1 Qxc4 27. R1e3 Qxa4 28. Rb8 Qd1+ 29. Kg2 b5 30. Re1 Qc2 31. Ree8 Bxd3 32. Rxf8+ Kg7 33. Ne6+ Kg6 34. Nf4+ Kf5 35. Rbe8 Be4+ 36. Kh3 Qd1 37. Rxe4 Kxe4 38. Rxf6 Qf1+ 39. Kg4 Qd1+ 40. Kg5 Qd8 41. Nh5 a4 42. Kh6 Qd2+ 43. Kxh7 Qxb2 44. g4 a3 45. g5 a2 46. g6 a1Q 47. Rf4+ Kd5 48. g7 Qc2+ 49. Kh6 Qg1 50. Nf6+ Ke6 51. Rg4 Qxh2+ 52. Nh5 Qh7+ 53. Kxh7 Qxh5+ 54. Kg8 Qxg4 55. Kf8 Qxg7+ 0-1

[Event "Barcelona Sant Marti op 9th"]
[Site "Barcelona"]
[Date "2020.01.30"]
[Round "3"]
[White "Perez Mitjans, Orelvis"]
[Black "Castillo Dalmau, Albert"]
[Result "1-0"]
[WhiteElo "2421"]
[BlackElo "2171"]
[PlyCount "77"]
[EventDate "2020.01.16"]
[EventType "swiss"]
[EventRounds "9"]
[EventCountry "ESP"]
[SourceTitle "CBM 195 Extra"]
[Source "ChessBase"]
[SourceDate "2020.05.31"]
[SourceVersion "1"]
[SourceVersionDate "2020.05.31"]
[SourceQuality "1"]

1. e4 c6 2. d4 d5 3. e5 Bf5 4. Nd2 e6 5. Nb3 Nd7 6. Nf3 c5 7. dxc5 Bxc5 8. Nxc5 Qa5+ 9. c3 Qxc5 10. Nd4 Ne7 11. Bb5 Qc7 12. 0-0 a6 13. Nxf5 Nxf5 14. Bd3 Qxe5 15. Re1 Qf6 16. Qa4 Rd8 17. Qb4 Ne7 18. Be3 Rb8 19. Qg4 h6 20. h4 Ne5 21. Qg3 N7c6 22. Bc2 Nd7 23. Bf4 Rc8 24. Bd6 Ne7 25. Re3 0-0 26. Rf3 Nf5 27. Bxf5 exf5 28. Bxf8 Nxf8 29. Rd1 Ng6 30. Rxd5 f4 31. Qh3 Re8 32. Rd4 h5 33. Kh2 Re1 34. Qc8+ Kh7 35. Qd8 Ne5 36. Rfxf4 Ng4+ 37. Kg3 Qe6 38. Qd5 Re3+ 39. Rf3 1-0

[Event "Sabadell Diada blitz op 16th"]
[Site "Sabadell"]
[Date "2019.09.11"]
[Round "8"]
[White "Martinez Romero, Martin"]
[Black "Castillo Dalmau, Albert"]
[Result "1-0"]
[WhiteElo "2424"]
[BlackElo "2221"]
[PlyCount "99"]
[EventDate "2019.09.11"]
[EventType "swiss (blitz)"]
[EventRounds "9"]
[EventCountry "ESP"]
[SourceTitle "EXT 2020"]
[Source "ChessBase"]
[SourceDate "2019.10.17"]
[SourceVersion "1"]
[SourceVersionDate "2019.10.17"]
[SourceQuality "1"]

1. d4 Nf6 2. Nf3 e6 3. c4 Bb4+ 4. Nc3 c5 5. dxc5 Bxc3+ 6. bxc3 Na6 7. g3 Qa5 8. Qc2 Nxc5 9. Bg2 0-0 10. 0-0 Nce4 11. Bb2 b6 12. Nd4 Bb7 13. f3 Nd6 14. Qd3 Qa4 15. c5 Nc4 16. Bc1 bxc5 17. Nb3 Rfc8 18. Bg5 Ne8 19. e4 Nb6 20. Qe3 Nc4 21. Qf2 h6 22. Bf4 Qc6 23. Rfd1 a5 24. Rab1 d6 25. h4 Ba6 26. Bf1 a4 27. Nc1 Rab8 28. Rxb8 Rxb8 29. Nd3 e5 30. Bc1 Nf6 31. g4 g6 32. Bxh6 a3 33. Bc1 Kg7 34. h5 gxh5 35. g5 Ng8 36. Qh4 Kg6 37. Bh3 Ne7 38. f4 Kg7 39. f5 Ng8 40. Nf2 Nb2 41. Re1 Nd3 42. Nxd3 Bxd3 43. Qxh5 Bxe4 44. g6 fxg6 45. Qxg6+ Kf8 46. Bh6+ Nxh6 47. Qxh6+ Kg8 48. f6 Rb7 49. Be6+ Rf7 50. Qg7# 1-0